000 00678nam a2200229 a 4500
001 21676
003 BD-RjUL
005 20211209000721.0
008 140305s1937 ii b 000 0 eng d
035 _a(BD-RjUL)21741
035 _a(BD-RjUL)
040 _aANL
_beng
_cANL
041 _aeng
082 _a891.443
_bDAC 1937
100 1 _aDas Gupta, Jayanta Kumar.
_966946
245 1 2 _aA critical study of the life and novels of Bankimcandra /
_cby Jayanta Kumar Das Gupta.
260 _aCalcutta :
_bCalcutta Universiy,
_c1937.
300 _axiv, 186 p. ;
_c23 cm.
504 _aincludes index
600 1 0 _aChatterji, Bankim Chandra,
_d1838-1894.
_966948
942 _2ddc
_cBK
999 _c21676
_d21676